<?xml version="1.0" encoding="UTF-8"?>
<record
    xmlns:xsi="http://www.w3.org/2001/XMLSchema-instance"
    xsi:schemaLocation="http://www.loc.gov/MARC21/slim http://www.loc.gov/standards/marcxml/schema/MARC21slim.xsd"
    xmlns="http://www.loc.gov/MARC21/slim">

  <leader>02484cam a2200517 i 4500</leader>
  <controlfield tag="001">xx004964604</controlfield>
  <controlfield tag="003">NUKAT</controlfield>
  <controlfield tag="005">20260430111259.0</controlfield>
  <controlfield tag="008">201007s2020    pl a         |001 0dpol c</controlfield>
  <datafield tag="020" ind1=" " ind2=" ">
    <subfield code="a">9788380989566</subfield>
    <subfield code="q">(oprawa twarda) :</subfield>
    <subfield code="c">z&#x142; 45,00</subfield>
  </datafield>
  <datafield tag="035" ind1=" " ind2=" ">
    <subfield code="a">(OCoLC)1204357031</subfield>
  </datafield>
  <datafield tag="035" ind1=" " ind2=" ">
    <subfield code="a">(NUKAT)xx004964604</subfield>
  </datafield>
  <datafield tag="040" ind1=" " ind2=" ">
    <subfield code="a">LUBL KUL/IP</subfield>
    <subfield code="b">pol</subfield>
    <subfield code="e">rda</subfield>
    <subfield code="c">LUBL KUL/IP</subfield>
    <subfield code="d">LUBL KUL/SKs</subfield>
    <subfield code="d">WR U/MB</subfield>
    <subfield code="d">WR O/JG</subfield>
    <subfield code="d">OLSZT 008/bak</subfield>
  </datafield>
  <datafield tag="045" ind1="2" ind2=" ">
    <subfield code="b">d1918</subfield>
    <subfield code="b">d1939</subfield>
  </datafield>
  <datafield tag="046" ind1=" " ind2=" ">
    <subfield code="k">2020</subfield>
  </datafield>
  <datafield tag="100" ind1="1" ind2=" ">
    <subfield code="a">Smoli&#x144;ski, Aleksander</subfield>
    <subfield code="d">(1964- ).</subfield>
    <subfield code="e">Autor</subfield>
    <subfield code="9">12127</subfield>
  </datafield>
  <datafield tag="245" ind1="1" ind2="0">
    <subfield code="a">Z kart wojskowych tradycji Pomorza i Kujaw :</subfield>
    <subfield code="b">kawaleria oraz szkolnictwo kawaleryjskie i artyleria konna na terenie Dow&#xF3;dztwa Okr&#x119;gu Korpusu Nr VIII "Toru&#x144;" na tle broni konnych Wojska Polskiego oraz armii wybranych pa&#x144;stw europejskich z lat 1918-1939 /</subfield>
    <subfield code="c">Aleksander Smoli&#x144;ski ; Instytut Pami&#x119;ci Narodowej - Komisja &#x15A;cigania Zbrodni przeciwko Narodowi Polskiemu.</subfield>
  </datafield>
  <datafield tag="260" ind1=" " ind2=" ">
    <subfield code="a">Gda&#x144;sk ;</subfield>
    <subfield code="a">Warszawa :</subfield>
    <subfield code="b">Instytut Pami&#x119;ci Narodowej - Komisja &#x15A;cigania Zbrodni przeciwko Narodowi Polskiemu,</subfield>
    <subfield code="c">2020.</subfield>
  </datafield>
  <datafield tag="300" ind1=" " ind2=" ">
    <subfield code="a">494 strony :</subfield>
    <subfield code="b">ilustracje ;</subfield>
    <subfield code="c">25 cm.</subfield>
  </datafield>
  <datafield tag="336" ind1=" " ind2=" ">
    <subfield code="a">Tekst</subfield>
    <subfield code="b">txt</subfield>
    <subfield code="2">rdacontent</subfield>
  </datafield>
  <datafield tag="337" ind1=" " ind2=" ">
    <subfield code="a">Bez urz&#x105;dzenia po&#x15B;rednicz&#x105;cego</subfield>
    <subfield code="b">n</subfield>
    <subfield code="2">rdamedia</subfield>
  </datafield>
  <datafield tag="338" ind1=" " ind2=" ">
    <subfield code="a">Wolumin</subfield>
    <subfield code="b">nc</subfield>
    <subfield code="2">rdacarrier</subfield>
  </datafield>
  <datafield tag="380" ind1=" " ind2=" ">
    <subfield code="a">Ksi&#x105;&#x17C;ki</subfield>
  </datafield>
  <datafield tag="380" ind1=" " ind2=" ">
    <subfield code="a">Publikacje naukowe</subfield>
  </datafield>
  <datafield tag="388" ind1="1" ind2=" ">
    <subfield code="a">2001-</subfield>
  </datafield>
  <datafield tag="504" ind1=" " ind2=" ">
    <subfield code="a">Bibliografia prac autora na stronach 448-460, pozosta&#x142;a literatura na stronach 460-470. Indeksy.</subfield>
  </datafield>
  <datafield tag="610" ind1="2" ind2="7">
    <subfield code="a">Wojsko Polskie (1918-1939)</subfield>
    <subfield code="2">DBN</subfield>
    <subfield code="9">37311</subfield>
  </datafield>
  <datafield tag="610" ind1="1" ind2="7">
    <subfield code="a">Polska.</subfield>
    <subfield code="b">Wojsko Polskie (1918-1939).</subfield>
    <subfield code="b">Pomorska Brygada Kawalerii.</subfield>
    <subfield code="2">kaba</subfield>
    <subfield code="9">40992</subfield>
  </datafield>
  <datafield tag="610" ind1="1" ind2="7">
    <subfield code="a">Polska.</subfield>
    <subfield code="b">Wojsko Polskie (1918-1939).</subfield>
    <subfield code="b">Okr&#x119;g Korpusu nr VIII (Toru&#x144;).</subfield>
    <subfield code="b">Dow&#xF3;dztwo.</subfield>
    <subfield code="2">kaba</subfield>
    <subfield code="9">40993</subfield>
  </datafield>
  <datafield tag="648" ind1=" " ind2="7">
    <subfield code="a">1901-2000</subfield>
    <subfield code="2">DBN</subfield>
    <subfield code="9">34996</subfield>
  </datafield>
  <datafield tag="648" ind1=" " ind2="7">
    <subfield code="a">1918-1939</subfield>
    <subfield code="2">DBN</subfield>
    <subfield code="9">36041</subfield>
  </datafield>
  <datafield tag="650" ind1=" " ind2="7">
    <subfield code="a">Artyleria konna</subfield>
    <subfield code="2">DBN</subfield>
    <subfield code="9">40994</subfield>
  </datafield>
  <datafield tag="650" ind1=" " ind2="7">
    <subfield code="a">Kawaleria</subfield>
    <subfield code="2">DBN</subfield>
    <subfield code="9">37580</subfield>
  </datafield>
  <datafield tag="650" ind1=" " ind2="7">
    <subfield code="a">&#x17B;o&#x142;nierze</subfield>
    <subfield code="2">DBN</subfield>
    <subfield code="9">35175</subfield>
  </datafield>
  <datafield tag="650" ind1=" " ind2="7">
    <subfield code="a">Kawaleria</subfield>
    <subfield code="z">Polska</subfield>
    <subfield code="y">1900-1945.</subfield>
    <subfield code="2">kaba</subfield>
    <subfield code="9">40995</subfield>
  </datafield>
  <datafield tag="650" ind1=" " ind2="7">
    <subfield code="a">Kawaleria</subfield>
    <subfield code="z">Polska</subfield>
    <subfield code="z">Pomorze Gda&#x144;skie (region)</subfield>
    <subfield code="y">1900-1945.</subfield>
    <subfield code="2">kaba</subfield>
    <subfield code="9">40996</subfield>
  </datafield>
  <datafield tag="651" ind1=" " ind2="7">
    <subfield code="a">Kujawy</subfield>
    <subfield code="2">DBN</subfield>
    <subfield code="9">40997</subfield>
  </datafield>
  <datafield tag="651" ind1=" " ind2="7">
    <subfield code="a">Polska</subfield>
    <subfield code="2">DBN</subfield>
    <subfield code="9">35076</subfield>
  </datafield>
  <datafield tag="651" ind1=" " ind2="7">
    <subfield code="a">Pomorze</subfield>
    <subfield code="2">DBN</subfield>
    <subfield code="9">36214</subfield>
  </datafield>
  <datafield tag="655" ind1=" " ind2="7">
    <subfield code="a">Monografia</subfield>
    <subfield code="2">DBN</subfield>
    <subfield code="9">35240</subfield>
  </datafield>
  <datafield tag="658" ind1=" " ind2=" ">
    <subfield code="a">Bezpiecze&#x144;stwo i wojskowo&#x15B;&#x107;</subfield>
  </datafield>
  <datafield tag="658" ind1=" " ind2=" ">
    <subfield code="a">Historia</subfield>
  </datafield>
  <datafield tag="710" ind1="2" ind2=" ">
    <subfield code="a">Instytut Pami&#x119;ci Narodowej - Komisja &#x15A;cigania Zbrodni przeciwko Narodowi Polskiemu.</subfield>
    <subfield code="e">Instytucja sprawcza</subfield>
    <subfield code="e">Wydawca</subfield>
    <subfield code="4">pbl</subfield>
    <subfield code="9">11792</subfield>
  </datafield>
  <datafield tag="920" ind1=" " ind2=" ">
    <subfield code="a">978-83-8098-956-6 (oprawa twarda) : z&#x142; 45,00</subfield>
  </datafield>
  <datafield tag="942" ind1=" " ind2=" ">
    <subfield code="2">ddc</subfield>
    <subfield code="c">BK_NM</subfield>
  </datafield>
  <datafield tag="999" ind1=" " ind2=" ">
    <subfield code="c">27895</subfield>
    <subfield code="d">27895</subfield>
  </datafield>
  <datafield tag="952" ind1=" " ind2=" ">
    <subfield code="0">0</subfield>
    <subfield code="1">0</subfield>
    <subfield code="2">ddc</subfield>
    <subfield code="4">0</subfield>
    <subfield code="7">0</subfield>
    <subfield code="8">K_mag</subfield>
    <subfield code="a">BIP</subfield>
    <subfield code="b">BIP</subfield>
    <subfield code="d">2020-11-30</subfield>
    <subfield code="e">D-36/2020</subfield>
    <subfield code="f">D</subfield>
    <subfield code="g">45.00</subfield>
    <subfield code="i">59984</subfield>
    <subfield code="l">0</subfield>
    <subfield code="o">59984</subfield>
    <subfield code="p">IPWK24088</subfield>
    <subfield code="r">2026-04-30 11:13:41</subfield>
    <subfield code="w">2026-04-30</subfield>
    <subfield code="y">BK_NM</subfield>
  </datafield>
</record>
